| 000 | 00488nam a2200169Ia 4500 | ||
|---|---|---|---|
| 003 | GCL | ||
| 008 | 140319s9999 xx 000 0 eng d | ||
| 040 |
_aGCL / _cGCL |
||
| 082 | 0 | 4 |
_a532.05 _bP I |
| 100 | 1 | _aPOZERKIDIS, C. | |
| 245 | 1 | 0 |
_aINTRODUCTION TO THEORETICAL AND COMPUTATIONAL FLUID DYNAMICS / _cPOZERKIDIS, C. |
| 260 |
_a[S.N] : _bOXFORD UNIVERSITY PRESS ، _c1997 |
||
| 300 | _a675 P | ||
| 650 | 0 | 4 | _aالادب السويسرى |
| 650 | 0 | 4 | _aFLUID DYNAMICS |
| 942 |
_2ddc _cBK |
||
| 999 |
_c15876 _d15876 |
||